书目信息 |
| 题名: |
献给虚无的供物
|
|
| 作者: | 中井英夫 著 ;薛军 译 | |
| 分册: | ||
| 出版信息: | 北京 新星出版社 2012.3 |
|
| 页数: | 478页 | |
| 开本: | 22cm | |
| 丛书名: | 午夜文库 | |
| 单 册: | ||
| 中图分类: | I313.45 | |
| 科图分类: | ||
| 主题词: | 推理小说--日本--现代 , 长篇小说--日本--现代 | |
| 电子资源: | ||
| ISBN: | 978-7-5133-0576-1 | |
| 000 | 00892oam2 2200313 450- | |
| 001 | 005770395 | |
| 005 | 20150609142824.0 | |
| 010 | @a978-7-5133-0576-1@dCNY31.25 | |
| 090 | @aI313.45@bzjy | |
| 096 | @aI313.45@bzjy | |
| 100 | @a20120516d2012 em y0chiy0120 ea | |
| 101 | 1 | @achi@cjpn |
| 102 | @aCN@b110000 | |
| 105 | @ay z 000ay | |
| 106 | @ar | |
| 200 | 1 | @a献给虚无的供物@9xian gei xu wu de gong wu@b专著@f(日)中井英夫著@g薛军译 |
| 210 | @a北京@c新星出版社@d2012.3 | |
| 215 | @a478页@d22cm | |
| 225 | 2 | @a午夜文库 |
| 300 | @a日本四大推理奇书 | |
| 308 | @a午夜文库188 | |
| 461 | 0 | @1001003311393 |
| 606 | 0 | @a推理小说@y日本@z现代 |
| 606 | 0 | @a长篇小说@y日本@z现代 |
| 690 | @aI313.45@v5 | |
| 701 | 0 | @c(日)@a中井英夫@9zhong jing ying fu@f(1922~1993)@4著 |
| 702 | 0 | @a薛军@c(翻译)@9xue jun@4译 |
| 801 | 0 | @aCN@b人天书店@c20120421 |
| 905 | @aTSG@dI313.45@eZ682@f2 | |
| 献给虚无的供物/(日)中井英夫著/薛军译.-北京:新星出版社,2012.3 |
| 478页;22cm.-(午夜文库) |
| 日本四大推理奇书 |
| ISBN 978-7-5133-0576-1:CNY31.25 |
| ● |
| 相关链接 |
|
|
|
正题名:献给虚无的供物
索取号:I313.45/Z682
 
预约/预借
| 序号 | 登录号 | 条形码 | 馆藏地/架位号 | 状态 | 备注 |
| 1 | 1538108 | 215381085 | 文学库116/116文学库 15排2列5层/ [索取号:I313.45/Z682] | 在馆 | |
| 2 | 1538109 | 215381094 | 文学库116/116文学库 15排2列5层/ [索取号:I313.45/Z682] | 在馆 |